000 00670nam a2200205 a 4500
001 15957
003 CO-ViMGA
008 141112s2004 ck r 000 u spa d
020 _a01217062
040 _aCO-ViMGA
_bspa
_cCO-ViMGA
082 0 4 _a301.412 O454c
100 1 _aOgliastri, Enrique
110 _aUniandes
_98716
245 1 0 _aCiclos en la vida de las amas de casa del norte de Bogotá ;Cuestionario sobre la vida y la carrera ;Las relaciones conyugales
260 _aBogotá,
_cUniandes,
_c1995
300 _a40.p.
590 _aForma de adquisición : Donación - - Precio :
_10.000
650 1 4 _aMUJERES ASPECTOS SOCIALES - Bogotá
_98717
942 _2ddc
_cBK
999 _c20323
_d20323